Engineering electromagnetics (Record no. 3963)

000 -LEADER
fixed length control field 00510nam a2200193 i 4500
001 - CONTROL NUMBER
control field 3963
003 - CONTROL NUMBER IDENTIFIER
control field BD-DhUET
008 - FIXED-LENGTH DATA ELEMENTS--GENERAL INFORMATION
fixed length control field 800401s1981 nyua b 001 0 eng
020 ## - INTERNATIONAL STANDARD BOOK NUMBER
International Standard Book Number 0070273952
040 ## - CATALOGING SOURCE
Original cataloging agency DLC
Transcribing agency DLC
Modifying agency BD-DhUET
082 00 - DEWEY DECIMAL CLASSIFICATION NUMBER
Classification number 530.41
Item number HAY/1981
100 ## - MAIN ENTRY--PERSONAL NAME
Personal name Hayt, William H.
245 10 - TITLE STATEMENT
Title Engineering electromagnetics
Statement of responsibility, etc. by William H. Hayt
250 ## - EDITION STATEMENT
Edition statement 4th ed.
260 ## - PUBLICATION, DISTRIBUTION, ETC. (IMPRINT)
Place of publication, distribution, etc. New York
Name of publisher, distributor, etc. McGraw-Hill
Date of publication, distribution, etc. 1981
300 ## - PHYSICAL DESCRIPTION
Extent xiii, 527 p.
Other physical details ill.
Dimensions 25 cm.
650 #0 - SUBJECT ADDED ENTRY--TOPICAL TERM
Topical term or geographic name as entry element Electromagnetic theory
942 ## - ADDED ENTRY ELEMENTS (KOHA)
Koha item type General Book
Holdings
Piece designation (barcode) Koha item type Koha date last seen Sublocation or collection (holding branch) Damaged status Koha full call number Source of classification or shelving scheme Not for loan Date acquired Koha normalized classification for sorting Lost status Price effective from Withdrawn status Location (home branch) Copy number Shelving location
79758General Book2014-11-10Central Library, BUET 530.41/HAY/1981  2014-11-10530_000000000000000_41HAY1981 2014-11-10 Central Library, BUET1Circulation section
79759General Book2014-11-10Central Library, BUET 530.41/HAY/1981  2014-11-10530_000000000000000_41HAY1981 2014-11-10 Central Library, BUET2Circulation section
79757General Book2014-11-29Central Library, BUET 530.41/HAY/1981  2014-11-29530_410000000000000_HAY_1981 2014-11-29 Central Library, BUET3Circulation section
79756General Book2014-11-29Central Library, BUET 530.41/HAY/1981  2014-11-29530_000000000000000_41HAY1981 2014-11-29 Central Library, BUET4Circulation section
79760Reading Item2015-06-11Central Library, BUET 530.41/HAY/1981  2015-06-11530_410000000000000_HAY_1981 2015-06-11 Central Library, BUET5Reading section